000 00445nam a2200181Ia 4500
001 1911
005 20260306143803.0
008 260306t2020||||xx |||||||||||||| ||spa||
041 _aESP
082 _a158.1
_bM44
100 _aMesurado, Belén
_eAUT
245 0 _aDiez fundamentos psicológicos de la conducta de ayuda
260 _c2020
300 _a325 páginas :
_c22 cm.
650 _aGEN
654 _aCPS
942 _cLIB
_dJUS
_fJUS
_2ddc
_n
999 _c1911
_d1911